| 000 | 00378cam a2200157ua 4500 | ||
|---|---|---|---|
| 041 |
_aeng _h |
||
| 082 |
_a823.308 _bDUM/CO |
||
| 100 | _aDumas, Alexander . | ||
| 245 |
_aCount of Monte Cristo / _cAlexander Dumas. _hTextual Documents |
||
| 250 |
_a1 / _b. |
||
| 260 |
_aLondon : _bCollins , _c1955. |
||
| 300 | _a1099 ; . | ||
| 504 | _a | ||
| 942 | _cBK | ||
| 999 |
_c7881 _d7881 |
||